000 01328cam a2200253 4500
008 020927n2003 000 0 eng u
020 _a1405110856
035 _a(Sirsi) u119898
041 _aeng
050 _a347.4107
_c18
100 _aSimmonds, Derek.
245 _aStatutory adjudication
_ba practical guide
260 _aOxford
_bBlackwell
_c2003
300 _axv, 270p.
_c25cm.
350 _a32.75
520 _aProvides a straightforward, step-by-step account of the adjudication process, aimed at the parties to adjudication rather than professionals or adjudicators. Covers the initial stages of the adjudication process, the position of a party faced with adjudication, matters of common interest, statutory payment requirements and the most frequently used adjudication provisions and procedures. Appendices include a list of 139 adjudication cases and key legislation and contract extracts.
650 _aMANAGEMENT-DISPUTE AVOIDANCE, MANAGEMENT AND RESOLUTION-DISPUTE MANAGEMENT AND RESOLUTION-ALTERNATIVE DISPUTE RESOLUTION-ADJUDICATION
650 _aALTERNATIVE DISPUTE RESOLUTION
650 _aCONSTRUCTION INDUSTRY
650 _aHOUSING GRANTS, CONSTRUCTION AND REGENERATION ACT 1996
650 _aBUILT ENVIRONMENT-BUILDING CONTRACT FORMS
690 _aDispute resolution
_96236
942 _n0
999 _c102437
_d102437